[Event "Krakow op-A 24th"]
[Site "Krakow"]
[Date "2014.01.04"]
[Round "9"]
[White "Janczarski, Michal"]
[Black "Dietmayer Kraeutler, Marco"]
[Result "1-0"]
[WhiteElo "2385"]
[BlackElo "2213"]
[PlyCount "67"]
[EventDate "2013.12.27"]
[EventType "swiss"]
[EventRounds "9"]
[EventCountry "POL"]
[SourceTitle "CBM 158 Extra"]
[Source "ChessBase"]
[SourceDate "2014.02.28"]
[SourceVersion "1"]
[SourceVersionDate "2014.02.28"]
[SourceQuality "1"]

1. d4 d5 2. c4 e6 3. Nc3 Nf6 4. cxd5 exd5 5. Bg5 c6 6. Qc2 Be7 7. e3 Ne4 8. Bxe7 Kxe7 9. Nxe4 dxe4 10. Qxe4+ Be6 11. Qc2 Nd7 12. Bd3 Qa5+ 13. Qc3 Qg5 14. Kf1 Rhc8 15. Nf3 Qh5 16. Qa3+ Ke8 17. e4 Nf6 18. h3 Rd8 19. Kg1 Rd7 20. d5 cxd5 21. e5 Ne4 22. Bb5 a6 23. Bxd7+ Bxd7 24. Qe3 Rc8 25. Rc1 Bc6 26. Kh2 Kf8 27. Rhd1 Re8 28. Kg1 h6 29. b4 Kg8 30. a4 f5 31. Qb3 Re6 32. b5 axb5 33. axb5 Rg6 34. Rxd5 1-0

[Event "Krakow op-A 24th"]
[Site "Krakow"]
[Date "2014.01.02"]
[Round "7"]
[White "Janczarski, Michal"]
[Black "Lewicki, Miroslaw"]
[Result "1-0"]
[WhiteElo "2385"]
[BlackElo "2225"]
[PlyCount "67"]
[EventDate "2013.12.27"]
[EventType "swiss"]
[EventRounds "9"]
[EventCountry "POL"]
[SourceTitle "CBM 158 Extra"]
[Source "ChessBase"]
[SourceDate "2014.02.28"]
[SourceVersion "1"]
[SourceVersionDate "2014.02.28"]
[SourceQuality "1"]

1. d4 Nf6 2. c4 e6 3. Nc3 b6 4. a3 Bb7 5. d5 d6 6. e4 g6 7. Nf3 Nbd7 8. Be2 Bg7 9. 0-0 0-0 10. Qc2 a5 11. Rb1 e5 12. Ne1 h6 13. b4 Nh7 14. Be3 f5 15. f3 f4 16. Bf2 g5 17. c5 axb4 18. axb4 bxc5 19. bxc5 Ba6 20. Bxa6 Rxa6 21. Nd3 dxc5 22. Nxc5 Nxc5 23. Bxc5 Rf7 24. Rb7 Bf8 25. Bf2 c6 26. Rxf7 Kxf7 27. Qb3 Qc8 28. dxc6+ Ke8 29. Qb5 Rxc6 30. Qxe5+ Kf7 31. Bd4 Nf6 32. Ra1 Kg6 33. h4 Nh5 34. Ra8 1-0

[Event "Krakow op-A 24th"]
[Site "Krakow"]
[Date "2013.12.29"]
[Round "3"]
[White "Janczarski, Michal"]
[Black "Mastrovasilis, Athanasios"]
[Result "1/2-1/2"]
[WhiteElo "2385"]
[BlackElo "2550"]
[PlyCount "79"]
[EventDate "2013.12.27"]
[EventType "swiss"]
[EventRounds "9"]
[EventCountry "POL"]
[SourceTitle "CBM 158 Extra"]
[Source "ChessBase"]
[SourceDate "2014.02.28"]
[SourceVersion "1"]
[SourceVersionDate "2014.02.28"]
[SourceQuality "1"]

1. d4 Nf6 2. c4 e6 3. Nc3 d5 4. cxd5 exd5 5. Bg5 c6 6. e3 Bf5 7. Qf3 Bg6 8. Bxf6 Qxf6 9. Qxf6 gxf6 10. h4 Nd7 11. Nh3 Bd6 12. g3 Nb6 13. Nf4 Bxf4 14. gxf4 Bh5 15. Rg1 Ke7 16. Bd3 Rag8 17. Kd2 Bf3 18. Rg3 Rxg3 19. fxg3 f5 20. Ke1 Be4 21. Be2 Rg8 22. Kf2 Nd7 23. Rc1 a5 24. Na4 Kd6 25. Bh5 Nf6 26. Be2 Rb8 27. Kg1 Nd7 28. Kf2 Nf6 29. Kg1 b6 30. b3 Nd7 31. Kf2 Nf6 32. Kg1 Nd7 33. Kf2 h6 34. Kg1 Nf6 35. Kf2 Nd7 36. Kg1 Nf6 37. Kf2 Rb7 38. Kg1 Rb8 39. Kf2 Rb7 40. Kg1 1/2-1/2

[Event "Krakow op-A 24th"]
[Site "Krakow"]
[Date "2013.12.27"]
[Round "1"]
[White "Janczarski, Michal"]
[Black "Balinski, Damian"]
[Result "1-0"]
[WhiteElo "2385"]
[BlackElo "2119"]
[PlyCount "51"]
[EventDate "2013.12.27"]
[EventType "swiss"]
[EventRounds "9"]
[EventCountry "POL"]
[SourceTitle "CBM 158 Extra"]
[Source "ChessBase"]
[SourceDate "2014.02.28"]
[SourceVersion "1"]
[SourceVersionDate "2014.02.28"]
[SourceQuality "1"]

1. d4 Nf6 2. c4 e5 3. dxe5 Ng4 4. Nf3 Bc5 5. e3 Nc6 6. a3 a5 7. b3 Ngxe5 8. Bb2 d6 9. Be2 Nxf3+ 10. gxf3 Qh4 11. Qd2 0-0 12. Nc3 f5 13. f4 Be6 14. Nd5 Rf7 15. Bf3 Kh8 16. 0-0-0 Nd8 17. Rhg1 c6 18. Rxg7 Rxg7 19. Bxg7+ Kxg7 20. Qc3+ Kf8 21. Qh8+ Bg8 22. Rg1 Bxa3+ 23. Kb1 Qg4 24. Bxg4 Nf7 25. Qf6 cxd5 26. Bh5 1-0

[Event "POL-chT 69th"]
[Site "Poland"]
[Date "2013.09.14"]
[Round "8.5"]
[White "Murawski, Grzegorz"]
[Black "Janczarski, Michal"]
[Result "1-0"]
[WhiteElo "2254"]
[BlackElo "2346"]
[PlyCount "123"]
[EventDate "2013.05.24"]
[EventType "team-tourn"]
[EventRounds "9"]
[EventCountry "POL"]
[SourceTitle "EXT 2014"]
[Source "ChessBase"]
[SourceDate "2013.11.20"]
[SourceVersion "1"]
[SourceVersionDate "2013.11.20"]
[SourceQuality "1"]
[WhiteTeam "Kozuchow Odrodzenie"]
[BlackTeam "Krakow TKKF Drogowiec"]
[WhiteTeamCountry "POL"]
[BlackTeamCountry "POL"]

1. e4 c5 2. d4 cxd4 3. c3 d3 4. Bxd3 Nc6 5. f4 d5 6. e5 Nh6 7. Nf3 Qb6 8. Qe2 Bg4 9. Na3 e6 10. Nb5 Nf5 11. Bxf5 Bxf5 12. Be3 Qd8 13. 0-0 Be7 14. Nfd4 g6 15. Qf2 a6 16. Nxc6 bxc6 17. Bb6 Qb8 18. Nc7+ Kd7 19. Nxa8 Qxa8 20. Bc5 Bd8 21. a4 Qb7 22. b4 h5 23. Rfd1 h4 24. c4 h3 25. g3 Bc7 26. b5 Rb8 27. g4 Bxg4 28. Qh4 Bb6 29. Qe7+ Kc8 30. Qe8+ Kc7 31. Qxf7+ Kd8 32. Qf8+ Kd7 33. Qd6+ Ke8 34. Rdb1 Bxc5+ 35. Qxc5 cxb5 36. axb5 dxc4 37. Qc6+ Qxc6 38. bxc6 Rxb1+ 39. Rxb1 Kd8 40. Rb4 Kc7 41. Rxc4 Bf3 42. Kf2 Bxc6 43. Ke3 Kb6 44. Kd4 Bf3 45. Rc8 Bg4 46. Kc4 Be2+ 47. Kb4 a5+ 48. Kc3 Bg4 49. Rg8 Bf5 50. Kc4 a4 51. Rb8+ Kc7 52. Ra8 Bc2 53. Kb4 Bb3 54. Rh8 Kc6 55. Rd8 Kc7 56. Rd3 Kc6 57. Rd6+ Kc7 58. Kc3 Bd5 59. Ra6 Bb3 60. Kb4 Kb7 61. Ra5 Kb6 62. Rb5+ 1-0

[Event "POL-chT 69th"]
[Site "Poland"]
[Date "2013.05.24"]
[Round "1"]
[White "Dragun, Kamil"]
[Black "Janczarski, Michal"]
[Result "1-0"]
[WhiteElo "2520"]
[BlackElo "2346"]
[PlyCount "109"]
[EventDate "2013.05.24"]
[EventType "team-tourn"]
[EventRounds "9"]
[EventCountry "POL"]
[SourceTitle "CBM 154 Extra"]
[Source "ChessBase"]
[SourceDate "2013.06.25"]
[SourceVersion "2"]
[SourceVersionDate "2013.06.25"]
[SourceQuality "1"]
[WhiteTeam "Gorzow Wielkopolski Stilon"]
[BlackTeam "Krakow TKKF Drogowiec"]
[WhiteTeamCountry "POL"]
[BlackTeamCountry "POL"]

1. Nf3 Nf6 2. c4 e6 3. g3 b6 4. Bg2 Bb7 5. 0-0 c5 6. Nc3 Be7 7. b3 0-0 8. Bb2 d5 9. cxd5 Nxd5 10. Rc1 Bf6 11. d4 Nxc3 12. Bxc3 cxd4 13. Bxd4 Bxd4 14. Qxd4 Na6 15. Rfd1 Rc8 16. Rxc8 Qxc8 17. Ne5 Bxg2 18. Kxg2 Nb8 19. Qd6 Re8 20. e4 f6 21. Nd7 Na6 22. b4 Qc7 23. Qd4 Qc6 24. h4 h5 25. Kg1 Kf7 26. Qe5 Kg6 27. b5 Qc2 28. Qd4 Nc7 29. a4 e5 30. Qd6 Ne6 31. Re1 Qxa4 32. Nxe5+ fxe5 33. Qd7 Nc7 34. Qxc7 Qxb5 35. Qxa7 Rf8 36. Qa2 Qc5 37. Qd2 Kh7 38. Qe2 g6 39. Rd1 Rf7 40. Rd5 Qc3 41. Kg2 Kg7 42. Rd3 Qc4 43. Qe3 Rc7 44. Rd5 b5 45. Rxe5 b4 46. Re8 Qc3 47. Qb6 Rf7 48. Re6 Qf3+ 49. Kg1 Qd1+ 50. Kh2 Kh7 51. e5 Qf3 52. Rf6 Rxf6 53. exf6 Kh6 54. Qd4 b3 55. Qd2+ 1-0

[Event "Miedzyzdroje op 3rd"]
[Site "Miedzyzdroje"]
[Date "2013.05.04"]
[Round "8"]
[White "Janczarski, Michal"]
[Black "Galazewski, Tomasz"]
[Result "1-0"]
[WhiteElo "2346"]
[BlackElo "2250"]
[PlyCount "103"]
[EventDate "2013.04.27"]
[EventType "swiss"]
[EventRounds "9"]
[EventCountry "POL"]
[SourceTitle "CBM 154 Extra"]
[Source "ChessBase"]
[SourceDate "2013.06.25"]
[SourceVersion "2"]
[SourceVersionDate "2013.06.25"]
[SourceQuality "1"]

1. c4 d6 2. g3 e5 3. Bg2 f5 4. Nc3 Nf6 5. d3 g6 6. e3 Bg7 7. Nge2 0-0 8. Rb1 a5 9. a3 c6 10. 0-0 Be6 11. b4 axb4 12. axb4 Qc7 13. b5 Nbd7 14. Na4 Nc5 15. Nxc5 dxc5 16. Qc2 e4 17. bxc6 bxc6 18. Nf4 Bf7 19. h4 exd3 20. Nxd3 Nd7 21. Bb2 Bxb2 22. Rxb2 Rfb8 23. Rxb8+ Rxb8 24. Ra1 Qd6 25. Ra7 Rb6 26. Qc3 Rb1+ 27. Kh2 Rb8 28. Bf3 Re8 29. Ra6 Rc8 30. Kg2 Nb8 31. Ra8 Rf8 32. Ne5 Re8 33. Nxf7 Kxf7 34. Qb2 Nd7 35. Rxe8 Kxe8 36. Qg7 Ne5 37. Qxh7 Qe6 38. Be2 Ng4 39. Bxg4 fxg4 40. h5 gxh5 41. Qxh5+ Kd8 42. Qh8+ Kc7 43. Qh7+ Kc8 44. Qd3 Kc7 45. e4 Kb6 46. Qe2 Ka5 47. e5 Kb4 48. Qb2+ Ka4 49. Qc3 Qf7 50. Qc2+ Kb4 51. Qd2+ Ka4 52. Qd1+ 1-0

[Event "Miedzyzdroje op 3rd"]
[Site "Miedzyzdroje"]
[Date "2013.04.27"]
[Round "1"]
[White "Witczak, Jakub"]
[Black "Janczarski, Michal"]
[Result "0-1"]
[WhiteElo "1749"]
[BlackElo "2346"]
[PlyCount "54"]
[EventDate "2013.04.27"]
[EventType "swiss"]
[EventRounds "9"]
[EventCountry "POL"]
[SourceTitle "CBM 154 Extra"]
[Source "ChessBase"]
[SourceDate "2013.06.25"]
[SourceVersion "2"]
[SourceVersionDate "2013.06.25"]
[SourceQuality "1"]

1. e4 c5 2. Nf3 d6 3. d4 cxd4 4. Nxd4 Nf6 5. Nc3 a6 6. Be3 e6 7. f4 Qc7 8. Qf3 b5 9. a3 Bb7 10. 0-0-0 Nbd7 11. g4 Nc5 12. Bd3 d5 13. e5 Nfe4 14. Nce2 Qa5 15. f5 b4 16. fxe6 fxe6 17. Rhf1 0-0-0 18. Nxe6 bxa3 19. b3 a2 20. Kb2 Nxe6 21. Qf5 Ba3+ 22. Ka1 Rhe8 23. Bxe4 dxe4 24. Bg5 Rxd1+ 25. Rxd1 g6 26. Qf7 Qxe5+ 27. c3 Nxg5 0-1

[Event "Warsaw YMCA Winter 115th"]
[Site "Warsaw"]
[Date "2013.03.01"]
[Round "8"]
[White "Janczarski, Michal"]
[Black "Cajbel, Maciej"]
[Result "1-0"]
[WhiteElo "2335"]
[BlackElo "2242"]
[PlyCount "97"]
[EventDate "2013.01.11"]
[EventType "tourn"]
[EventRounds "11"]
[EventCountry "POL"]
[EventCategory "3"]
[SourceTitle "EXT 2014"]
[Source "ChessBase"]
[SourceDate "2013.11.20"]
[SourceVersion "1"]
[SourceVersionDate "2013.11.20"]
[SourceQuality "1"]

1. d4 Nf6 2. c4 c5 3. d5 e6 4. Nc3 exd5 5. cxd5 d6 6. Nf3 g6 7. Bf4 a6 8. a4 Bg7 9. h3 0-0 10. e3 Qe7 11. Be2 Nbd7 12. 0-0 b6 13. Nd2 Ne8 14. Ra3 f5 15. Nc4 Rb8 16. Rb3 g5 17. Bh2 f4 18. exf4 gxf4 19. Re1 Qh4 20. Bg4 Bd4 21. Qf3 h5 22. Be6+ Kh8 23. Re4 Ne5 24. Nxe5 dxe5 25. Bxc8 Rxc8 26. Rxb6 Rf6 27. Rxf6 Nxf6 28. Re2 Rd8 29. Kh1 Kg7 30. Ne4 Nxd5 31. Bg1 Ne7 32. Rc2 Rc8 33. Qb3 Rf8 34. Qf3 Rc8 35. Kh2 Nf5 36. g3 fxg3+ 37. fxg3 Bxg1+ 38. Kg2 Qe7 39. Qxf5 Rf8 40. Qxh5 Be3 41. Re2 Bd4 42. Ng5 Kg8 43. Qg6+ Kh8 44. h4 Rf6 45. Qe4 Kg8 46. Nf3 Re6 47. b4 Kg7 48. bxc5 Qc7 49. Nxd4 1-0

[Event "Warsaw YMCA Winter 115th"]
[Site "Warsaw"]
[Date "2013.02.08"]
[Round "5"]
[White "Skawinski, Arkadiusz"]
[Black "Janczarski, Michal"]
[Result "1/2-1/2"]
[WhiteElo "2239"]
[BlackElo "2335"]
[PlyCount "63"]
[EventDate "2013.01.11"]
[EventType "tourn"]
[EventRounds "11"]
[EventCountry "POL"]
[EventCategory "3"]
[SourceTitle "EXT 2014"]
[Source "ChessBase"]
[SourceDate "2013.11.20"]
[SourceVersion "1"]
[SourceVersionDate "2013.11.20"]
[SourceQuality "1"]

1. e4 c5 2. c3 Nf6 3. e5 Nd5 4. d4 cxd4 5. Nf3 Nc6 6. cxd4 g6 7. Bc4 Nb6 8. Bb3 Bg7 9. d5 Nxe5 10. Nxe5 Bxe5 11. Bh6 d6 12. Nc3 Qd7 13. 0-0 Qg4 14. Qd2 Qh5 15. Bf4 Bxf4 16. Qxf4 Qe5 17. Qh6 f5 18. Rae1 Qf6 19. Nb5 Rb8 20. Re2 Bd7 21. Nc7+ Kd8 22. Ne6+ Bxe6 23. Rxe6 Qd4 24. Rd1 Qxb2 25. Rde1 Nc8 26. Qh4 Qg7 27. Qc4 Nb6 28. Qb5 Rc8 29. Qa5 Rc7 30. Qxa7 Qd4 31. Qa5 Nc8 32. Qb5 1/2-1/2

[Event "Warsaw YMCA Winter 115th"]
[Site "Warsaw"]
[Date "2013.01.24"]
[Round "1"]
[White "Rudnicki, Milosz"]
[Black "Janczarski, Michal"]
[Result "0-1"]
[WhiteElo "2229"]
[BlackElo "2335"]
[PlyCount "64"]
[EventDate "2013.01.11"]
[EventType "tourn"]
[EventRounds "11"]
[EventCountry "POL"]
[EventCategory "3"]
[SourceTitle "EXT 2014"]
[Source "ChessBase"]
[SourceDate "2013.11.20"]
[SourceVersion "1"]
[SourceVersionDate "2013.11.20"]
[SourceQuality "1"]

1. e4 c5 2. Nf3 d6 3. d4 cxd4 4. Nxd4 Nf6 5. Nc3 a6 6. Be3 e6 7. Qd2 Nbd7 8. 0-0-0 b5 9. f3 Bb7 10. g4 h6 11. a3 d5 12. exd5 Nxd5 13. Nxd5 Bxd5 14. Be2 Qc7 15. Kb1 Qb7 16. Nb3 Rc8 17. Na5 Qc7 18. Rhf1 b4 19. axb4 Bxb4 20. Qxb4 Qxc2+ 21. Ka1 Qxe2 22. Bd4 f6 23. Bc3 Qb5 24. Qa3 Kf7 25. f4 Nb6 26. f5 Nc4 27. fxe6+ Bxe6 28. Nxc4 Rxc4 29. Qd6 Qb3 30. Rfe1 Ra4+ 31. Kb1 Ra1+ 32. Kxa1 Qa2# 0-1

[Event "Krakow op-A 23rd"]
[Site "Krakow"]
[Date "2013.01.03"]
[Round "8"]
[White "Sivuk, Vitaly"]
[Black "Janczarski, Michal"]
[Result "1-0"]
[WhiteElo "2482"]
[BlackElo "2328"]
[PlyCount "67"]
[EventDate "2012.12.27"]
[EventType "swiss"]
[EventRounds "9"]
[EventCountry "POL"]
[SourceTitle "CBM 152 Extra"]
[Source "ChessBase"]
[SourceDate "2013.02.25"]
[SourceVersion "1"]
[SourceVersionDate "2013.02.25"]
[SourceQuality "1"]

1. d4 Nf6 2. c4 g6 3. Nc3 d5 4. Nf3 Bg7 5. e3 0-0 6. cxd5 Nxd5 7. Bc4 Nxc3 8. bxc3 c5 9. 0-0 Qc7 10. Qe2 Bg4 11. Ba3 Nd7 12. Rab1 e5 13. h3 Qa5 14. hxg4 Qxa3 15. Rxb7 Nb6 16. Ng5 Qxc3 17. Bxf7+ Kh8 18. Ne6 exd4 19. exd4 cxd4 20. Bxg6 hxg6 21. Rxg7 Rf6 22. Re7 Qb4 23. Ng5 Qc5 24. Rh7+ Kg8 25. Ne4 Re6 26. Qf3 Qf8 27. Qh3 Rxe4 28. Rh8+ Kg7 29. Qh7+ Kf6 30. Rxf8+ Rxf8 31. Qxa7 Re6 32. Qc7 Ra8 33. Rb1 Na4 34. Qf4+ 1-0

[Event "Krakow op-A 23rd"]
[Site "Krakow"]
[Date "2012.12.31"]
[Round "6"]
[White "Winiarski, Mikolaj"]
[Black "Janczarski, Michal"]
[Result "0-1"]
[WhiteElo "2089"]
[BlackElo "2328"]
[PlyCount "76"]
[EventDate "2012.12.27"]
[EventType "swiss"]
[EventRounds "9"]
[EventCountry "POL"]
[SourceTitle "CBM 152 Extra"]
[Source "ChessBase"]
[SourceDate "2013.02.25"]
[SourceVersion "1"]
[SourceVersionDate "2013.02.25"]
[SourceQuality "1"]

1. d4 Nf6 2. c4 g6 3. f3 d5 4. cxd5 Nxd5 5. e4 Nb6 6. Nc3 Bg7 7. Be3 0-0 8. Qd2 e5 9. d5 c6 10. 0-0-0 cxd5 11. Nxd5 Nxd5 12. Qxd5 Qc7+ 13. Kb1 Nc6 14. Qd6 Rd8 15. Qxc7 Rxd1+ 16. Kc2 Rxf1 17. Nh3 Rxh1 18. Ng5 Be6 19. Nxe6 fxe6 20. Qxb7 Nd4+ 21. Bxd4 Rd8 22. Bc3 Rxh2 23. Qxa7 Rxg2+ 24. Kb3 Bf6 25. a4 h5 26. f4 h4 27. fxe5 Bg5 28. Qa6 Re8 29. Qf1 Rg3 30. a5 Kg7 31. a6 h3 32. a7 h2 33. Qb5 Rd8 34. Qb7+ Kh6 35. a8Q Rxa8 36. Qxa8 Kh5 37. Ka2 h1Q 38. Qh8+ Bh6 0-1

[Event "POL-chT 2nd League"]
[Site "Lazy"]
[Date "2012.09.06"]
[Round "6"]
[White "Janczarski, Michal"]
[Black "Banasik, Krzysztof"]
[Result "1/2-1/2"]
[WhiteElo "2306"]
[BlackElo "2284"]
[PlyCount "81"]
[EventDate "2012.09.01"]
[EventType "team-swiss"]
[EventRounds "9"]
[EventCountry "POL"]
[SourceTitle "EXT 2019"]
[Source "ChessBase"]
[SourceDate "2018.10.10"]
[SourceVersion "1"]
[SourceVersionDate "2018.10.10"]
[SourceQuality "1"]
[WhiteTeam "Warszawa Polonia II"]
[BlackTeam "Prudnik LKS Zarzewie"]
[WhiteTeamCountry "POL"]
[BlackTeamCountry "POL"]

1. d4 d5 2. c4 e6 3. Nc3 Nf6 4. cxd5 exd5 5. Bg5 Be7 6. e3 c6 7. Bd3 Nbd7 8. Qc2 0-0 9. Nge2 Re8 10. 0-0 Nf8 11. Rab1 Ne4 12. Bxe7 Qxe7 13. Bxe4 dxe4 14. b4 Bd7 15. a4 a6 16. a5 Rac8 17. Na4 Rcd8 18. Nc5 Bc8 19. Rbe1 Nd7 20. Nc3 f5 21. Qb3+ Kh8 22. Rd1 Nxc5 23. bxc5 Be6 24. Qb4 Qf7 25. Rb1 Re7 26. Rfd1 Bd5 27. Rb2 g5 28. Qb6 Red7 29. Nxd5 Rxd5 30. Rdb1 R5d7 31. Qa7 f4 32. h3 Kg7 33. d5 cxd5 34. c6 bxc6 35. Qxa6 d4 36. Qxc6 Qf6 37. Qxf6+ Kxf6 38. exd4 Rxd4 39. Re2 R8d6 40. Rb6 Rxb6 41. axb6 1/2-1/2

[Event "Gdansk op 14th"]
[Site "Gdansk"]
[Date "2012.07.29"]
[Round "9"]
[White "Olejarczyk, Bogdan"]
[Black "Janczarski, Michal"]
[Result "1/2-1/2"]
[WhiteElo "2117"]
[BlackElo "2357"]
[PlyCount "38"]
[EventDate "2012.07.22"]
[EventType "swiss"]
[EventRounds "9"]
[EventCountry "POL"]
[SourceTitle "CBM 149 Extra"]
[Source "ChessBase"]
[SourceDate "2012.08.24"]
[SourceVersion "1"]
[SourceVersionDate "2012.08.24"]
[SourceQuality "1"]

1. d4 c5 2. e3 Nf6 3. Nf3 g6 4. Be2 Bg7 5. 0-0 b6 6. c4 0-0 7. Nc3 Bb7 8. d5 e6 9. e4 exd5 10. exd5 d6 11. Bg5 h6 12. Bh4 a6 13. a4 g5 14. Bg3 Nh7 15. Bd3 f5 16. Qe2 Bc8 17. Nd2 Ra7 18. f3 Qf6 19. Rae1 Rd8 1/2-1/2

[Event "Gdansk op 14th"]
[Site "Gdansk"]
[Date "2012.07.26"]
[Round "6"]
[White "Janczarski, Michal"]
[Black "Pioch, Zygmunt"]
[Result "1/2-1/2"]
[WhiteElo "2357"]
[BlackElo "2120"]
[PlyCount "71"]
[EventDate "2012.07.22"]
[EventType "swiss"]
[EventRounds "9"]
[EventCountry "POL"]
[SourceTitle "CBM 149 Extra"]
[Source "ChessBase"]
[SourceDate "2012.08.24"]
[SourceVersion "1"]
[SourceVersionDate "2012.08.24"]
[SourceQuality "1"]

1. d4 Nf6 2. c4 c5 3. d5 b5 4. cxb5 a6 5. bxa6 g6 6. Nc3 Bxa6 7. g3 d6 8. Bg2 Nbd7 9. Nf3 Bg7 10. 0-0 0-0 11. h3 Qa5 12. Re1 Rfb8 13. e4 Ne8 14. Qc2 Nc7 15. Bd2 Qb6 16. Rab1 Nb5 17. Nxb5 Bxb5 18. b4 Qa6 19. Bf1 Bxf1 20. Rxf1 cxb4 21. Rxb4 Rxb4 22. Bxb4 Qxa2 23. Qxa2 Rxa2 24. Rc1 Ra1 25. Rxa1 Bxa1 26. Kf1 f5 27. exf5 Nb6 28. fxg6 hxg6 29. Ke2 Nxd5 30. Ba5 Bf6 31. Kd3 Kf7 32. Nd2 e6 33. Ne4 Be7 34. Bd2 Ke8 35. f4 Kd7 36. Ba5 1/2-1/2

[Event "Milanowek-ch"]
[Site "Milanowek"]
[Date "2012.07.08"]
[Round "9"]
[White "Olejarczyk, Bogdan"]
[Black "Janczarski, Michal"]
[Result "0-1"]
[WhiteElo "2117"]
[BlackElo "2357"]
[PlyCount "70"]
[EventDate "2012.06.30"]
[EventType "swiss"]
[EventRounds "9"]
[EventCountry "POL"]
[SourceTitle "EXT 2014"]
[Source "ChessBase"]
[SourceDate "2013.11.20"]
[SourceVersion "1"]
[SourceVersionDate "2013.11.20"]
[SourceQuality "1"]

1. d4 Nf6 2. Nf3 c5 3. e3 e6 4. Be2 Be7 5. 0-0 0-0 6. c4 b6 7. Nc3 Bb7 8. Qc2 d6 9. b3 Nbd7 10. Rd1 a6 11. Bb2 Rc8 12. Rac1 Rc7 13. e4 cxd4 14. Nxd4 Qa8 15. f3 Kh8 16. Kh1 Rg8 17. Qd2 g5 18. Na4 g4 19. Qe3 Rg6 20. Bd3 gxf3 21. gxf3 Bf8 22. Rc2 Bh6 23. Qf2 e5 24. Rg1 exd4 25. Bxd4 Ne5 26. Bxe5 dxe5 27. Rxg6 hxg6 28. Qh4 Kg7 29. Nxb6 Qf8 30. Nd5 Bxd5 31. exd5 Qc5 32. Qe1 Qd4 33. Be4 Rc8 34. Kg2 Nh5 35. Kf1 f5 0-1

[Event "Milanowek-ch"]
[Site "Milanowek"]
[Date "2012.07.06"]
[Round "7"]
[White "Tomaszewska, Luiza"]
[Black "Janczarski, Michal"]
[Result "1-0"]
[WhiteElo "1969"]
[BlackElo "2357"]
[PlyCount "123"]
[EventDate "2012.06.30"]
[EventType "swiss"]
[EventRounds "9"]
[EventCountry "POL"]
[SourceTitle "EXT 2014"]
[Source "ChessBase"]
[SourceDate "2013.11.20"]
[SourceVersion "1"]
[SourceVersionDate "2013.11.20"]
[SourceQuality "1"]

1. d4 Nf6 2. Nf3 e6 3. c3 b6 4. Bf4 Bb7 5. Nbd2 d6 6. e3 Be7 7. Qc2 Nh5 8. Bg3 c5 9. Be2 Nd7 10. 0-0 Qc7 11. a4 Nxg3 12. fxg3 a6 13. Qd3 Rc8 14. Rf2 0-0 15. Ne4 h6 16. g4 b5 17. Ng3 b4 18. c4 d5 19. b3 Bd6 20. Nh5 dxc4 21. bxc4 g6 22. Ng3 Bxg3 23. hxg3 Qxg3 24. Nh2 cxd4 25. Nf1 Qd6 26. exd4 e5 27. d5 a5 28. Qh3 Kg7 29. Ng3 Nc5 30. Raf1 b3 31. Rf6 Qxf6 32. Rxf6 Kxf6 33. Nf1 Ba6 34. Qxh6 b2 35. Nd2 Rb8 36. Nb1 Rfc8 37. g5+ Ke7 38. Qg7 Nd7 39. d6+ Kxd6 40. Qxf7 Bb7 41. Bg4 Bc6 42. Qxg6+ Kc7 43. c5 Rd8 44. Qd6+ Kb7 45. g6 Nb6 46. Qe7+ Nd7 47. g7 Re8 48. Qd6 Rbd8 49. Qd2 Nxc5 50. Qxb2+ Kc7 51. Qc3 Nb7 52. Na3 e4 53. Nc4 Kb8 54. Qg3+ Ka8 55. Qc7 e3 56. Nb6+ Ka7 57. Qxc6 e2 58. Bxe2 Rxe2 59. Nd7 Rb2 60. Nf8 Rb1+ 61. Kh2 Rb6 62. Qc1 1-0

[Event "Warsaw-ch opA 65th"]
[Site "Warsaw"]
[Date "2012.05.30"]
[Round "5"]
[White "Cyfka, Karina"]
[Black "Janczarski, Michal"]
[Result "1/2-1/2"]
[WhiteElo "2369"]
[BlackElo "2345"]
[PlyCount "36"]
[EventDate "2012.05.26"]
[EventType "swiss"]
[EventRounds "9"]
[EventCountry "POL"]
[SourceTitle "CBM 148 Extra"]
[Source "ChessBase"]
[SourceDate "2012.06.22"]
[SourceVersion "1"]
[SourceVersionDate "2012.06.22"]
[SourceQuality "1"]

1. e4 c5 2. Nf3 d6 3. d4 cxd4 4. Nxd4 Nf6 5. Nc3 a6 6. Be2 e6 7. 0-0 b5 8. Bf3 Ra7 9. a4 b4 10. Na2 e5 11. Nb3 Nc6 12. Be3 Rb7 13. Nac1 a5 14. Be2 Bd7 15. Nd2 Be7 16. Ncb3 0-0 17. f3 d5 18. exd5 Nxd5 1/2-1/2

[Event "Warsaw-ch opA 65th"]
[Site "Warsaw"]
[Date "2012.05.28"]
[Round "3"]
[White "Grabarczyk, Miroslaw"]
[Black "Janczarski, Michal"]
[Result "1/2-1/2"]
[WhiteElo "2440"]
[BlackElo "2345"]
[PlyCount "27"]
[EventDate "2012.05.26"]
[EventType "swiss"]
[EventRounds "9"]
[EventCountry "POL"]
[SourceTitle "CBM 148 Extra"]
[Source "ChessBase"]
[SourceDate "2012.06.22"]
[SourceVersion "1"]
[SourceVersionDate "2012.06.22"]
[SourceQuality "1"]

1. d4 Nf6 2. c4 e6 3. Nf3 c5 4. d5 b5 5. Bg5 exd5 6. cxd5 h6 7. Bxf6 Qxf6 8. Qc2 Be7 9. e4 Qb6 10. Be2 0-0 11. 0-0 d6 12. a4 bxa4 13. Nc3 Na6 14. Qxa4 1/2-1/2